[Event "NED-chT 9900"]
[Site "Netherlands"]
[Date "2000.02.05"]
[Round "1"]
[White "Barsov, Alexei"]
[Black "Cifuentes Parada, Roberto"]
[Result "1/2-1/2"]
[WhiteElo "2521"]
[BlackElo "2483"]
[Annotator "Van Wely/Cifuentes"]
[PlyCount "43"]
[EventDate "2000.02.05"]
[EventType "team-tourn"]
[EventRounds "9"]
[EventCountry "NED"]
[SourceTitle "CBM 074 Extra"]
[Source "ChessBase"]
[SourceDate "2000.03.10"]
[SourceVersion "2"]
[SourceVersionDate "2000.03.10"]
[SourceQuality "1"]
[WhiteTeam "Bussum"]
[BlackTeam "Rotterdam"]
[WhiteTeamCountry "NED"]
[BlackTeamCountry "NED"]

1. d4 d5 2. c4 c6 3. Nf3 Nf6 4. e3 $6 Bf5 $1 5. Nc3 (5. Bd3 Bxd3 6. Qxd3 e6 7.
Nc3 Nbd7 8. O-O Be7 9. e4 dxe4 10. Nxe4 O-O (10... c5 $11) 11. Bf4 c5 12. Rad1
Qb6 13. b3 Rfd8 $11 {Tal,M-Sveshnikov,E/ Leningrad 1991}) (5. cxd5 cxd5 6. Qb3
Qc7 7. Nc3 (7. Bd2 e6 8. Bb5+ Nc6 9. Bb4 Bd6 $5 10. Qa3 Ke7 $1 $11 {
Brenninkmeijer,J-Dreev,A Groningen 1991/}) 7... e6 8. Bd2 Nc6 9. Bb5 Bd6 10.
Rc1 Rb8 $1 $11 {Gurevich,M-Anand,V/ Reggio Emilia 1991}) 5... e6 6. Nh4 (6. Be2
h6 7. O-O Nbd7 $11) 6... Bg4 (6... Be4 $5) 7. Qb3 Qb6 8. h3 (8. Qxb6 axb6 9. f3
Bh5 10. g4 Bg6 11. Nxg6 hxg6 12. g5 Nfd7 13. cxd5 exd5 14. e4 (14. h4 b5 15. f4
Nb6 16. Be2 N8d7 17. b3 Nc8 18. Bb2 Nd6 19. Kf2 f6 20. a3 Be7 21. Bf3 Nf5 22.
h5 fxg5 23. hxg6 Rxh1 24. Rxh1 gxf4 25. Rh8+ Nf8 26. e4 dxe4 27. Bxe4 Nxd4 28.
Nxb5 Nxb5 29. Bxg7 O-O-O 30. Be5 Bc5+ 31. Kf1 Ne6 32. Bf5 Rxh8 33. Bxe6+ Kd8
34. Bxh8 Bf8 35. Bf6+ Kc7 36. a4 Nd6 37. g7 Bxg7 38. Bxg7 Ne4 39. Be5+ Kb6 40.
Bxf4 Kc5 41. Bc8 {1-0 Gomez,F-Dominguez Perez,L/Havana 1999/CBM 70 ext (41)})
14... dxe4 15. fxe4 b5 16. Bf4 b4 17. Ne2 Nb6 18. Bg2 N8d7 19. O-O Be7 20. d5
cxd5 21. exd5 Bc5+ 22. Kh1 O-O 23. Rfd1 {1/2-1/2 Feige,M-Wegerle,J/Murek 1998/
CBM 65 ext (23)}) 8... Bh5 9. g4 (9. Qxb6 axb6 10. g4 Bg6 11. cxd5 (11. g5 Nfd7
12. Nxg6 hxg6 13. f4 Na6 14. Bd2 Bd6 15. Kf2 Ke7 16. Be2 dxc4 17. Bxc4 b5 18.
Be2 Nb6 19. Ne4 Bb4 20. Bc1 Nd5 21. a3 Ba5 22. h4 Bb6 23. Bd2 f6 24. gxf6+ gxf6
25. Nc3 Nac7 26. Bf3 Rad8 27. Ke2 Ra8 28. Rag1 Rag8 29. Ne4 Ne8 30. h5 gxh5 31.
Rxg8 Rxg8 32. Rxh5 Bc7 33. Nc5 b6 34. Nd3 f5 35. Ne5 Nef6 36. Rh1 c5 37. Be1
Ke8 38. Bh4 cxd4 39. Bxf6 Nxf6 40. exd4 Ke7 41. Rc1 Bd6 42. Rc3 Rg3 43. Rc6 Rh3
44. Rxb6 Rh2+ {1-0 Paunovic,D-Kosic,D/Kladovo 1990/TD (44)}) 11... exd5 12.
Nxg6 hxg6 13. Bg2 Bb4 14. Bd2 Bxc3 15. Bxc3 Ne4 16. Bb4 Na6 17. Ba3 b5 18. b3
b4 19. Bb2 Nc7 20. f3 Nd6 21. a3 Kd7 22. Kd2 bxa3 23. Rxa3 Rxa3 24. Bxa3 Ra8
25. Bb2 Ra2 26. Kc1 Ne6 27. h4 Ra8 28. h5 g5 29. Kd2 Rh8 30. Ke2 f5 31. Ra1 Re8
32. Kf2 fxg4 33. fxg4 Nc7 34. Ke2 Rf8 35. Rf1 Rxf1 36. Kxf1 Nce8 37. Ke2 Nf6
38. Bf3 Ke6 39. Ba3 Nde4 40. Bb4 Ng8 41. Kf1 b6 42. Kg2 Ngf6 43. Be2 c5 44. Ba3
Nc3 45. Ba6 Nfe4 46. Bc8+ Kf6 47. Ba6 cxd4 48. exd4 Nd2 49. Bb4 Nce4 50. Bb7
Ke6 51. Bf8 Kf7 52. Bb4 Ke6 53. Bf8 Kf7 54. Bb4 Ke6 {1/2-1/2
Chuchelov-Mukhametov,Novosibirsk 1989}) (9. Bd2 Be7 (9... Nbd7 10. g4 Bg6 11.
g5 $6 Ng8 12. Nxg6 hxg6 13. c5 $6 (13. e4 dxe4 14. O-O-O Ne7 15. Nxe4 Nf5 16.
Bc3 Rh4 17. Bg2 Qxb3 18. axb3 Nb6 19. Kc2 Be7 20. Rd3 O-O-O 21. Rf1 Rd7 22. f4
Bd8 23. Nc5 Re7 24. Be1 Rh8 25. Be4 Nd6 26. Re3 Bc7 27. h4 Ree8 28. Nd3 Nd5 29.
Re2 Ne7 30. Ne5 Nef5 31. Bxf5 Nxf5 32. Re4 Re7 33. Bf2 Rd8 34. Kc3 a5 35. Rfe1
Rh8 36. b4 axb4+ {1/2-1/2 Georgiev,V-Waitzkin,J/Mermaid Beach 1998/CBM 62 ext 
(36)}) 13... Qc7 14. e4 $2 Ne7 15. exd5 exd5 16. Bd3 Rh4 17. Ne2 b6 18. cxb6
axb6 19. O-O-O b5 20. Kb1 Nb6 21. f4 Nc4 22. Be1 Rh8 23. Bb4 Nf5 24. Rhe1 Bxb4
25. Qxb4 Qd6 26. Qc3 Kf8 27. Bxf5 gxf5 28. Nc1 g6 29. b3 b4 30. Qf3 Na3+ 31.
Kb2 c5 32. Re5 c4 $19 {0-1 Smirin,I-Kasparov,G/Tel Aviv 1998}) 10. g4 (10. Qxb6
axb6 11. g4 Bg6 12. Nxg6 hxg6 13. f3 Na6 14. O-O-O O-O-O 15. cxd5 exd5 16. Be1
Bd6 17. Kb1 Rhe8 18. Bf2 b5 19. Ne2 Nc7 20. Nc1 b6 21. Bg2 Re7 22. Rhe1 Rde8
23. Nd3 c5 24. e4 dxe4 25. fxe4 Nxe4 26. Bxe4 Rxe4 27. Rxe4 Rxe4 28. dxc5 bxc5
29. Bxc5 Bxc5 30. Nxc5 Re3 31. Rd3 Rxd3 32. Nxd3 Kd7 33. Kc2 Kd6 34. Kd2 Nd5
35. Ke2 g5 36. Kf3 g6 37. Ke4 Ne7 38. b3 f5+ 39. Ke3 Nc6 40. a4 bxa4 41. bxa4
Kd5 42. gxf5 gxf5 43. h4 gxh4 44. Kf4 Kc4 {1/2-1/2 Crouch,C-Ansell,S/Oxford
1998/EXT 2000 (44)}) 10... Bg6 11. Nxg6 hxg6 12. Bg2 Nbd7 13. g5 (13. O-O-O
O-O-O (13... Qxb3 14. axb3 Nb6 15. c5 Nbd7 16. b4 a6 17. f3 e5 18. Be1 O-O-O
19. Bg3 exd4 20. exd4 Rde8 21. Kc2 Bd8 22. Bf4 Nh7 23. Bc1 Ng5 24. Kd3 Ne6 25.
f4 Bc7 26. Rdf1 Rh4 27. Ne2 f6 28. Bd2 g5 29. f5 Nef8 30. Ng1 Rh8 31. Nf3 Bg3
32. Ng1 Nh7 33. Ne2 Bh4 34. Bf3 Re7 35. Be3 Rhe8 36. Bg1 Nhf8 37. Ra1 Nb8 38.
Kd2 g6 39. Ra3 Nfd7 40. Rh2 Rh8 41. Rg2 Nf8 42. Bh2 Re8 43. Rd3 Nbd7 44. Rg1
Rh7 45. Rf1 Nb8 46. Ra3 Nfd7 47. Bd6 gxf5 48. gxf5 Nf8 49. Nc3 Nfd7 50. b5 axb5
51. Ra8 Rhh8 52. Bxd5 cxd5 53. Nxd5 g4 54. hxg4 Bg5+ 55. Kd1 Re4 56. Nb6+ Kd8
57. Bxb8 Nxb6 58. Bc7+ Kxc7 59. cxb6+ Kxb6 60. Rxh8 Rxd4+ 61. Kc2 Rxg4 62. Re8
Rc4+ 63. Kb3 Ka5 64. Rf3 Rb4+ 65. Kc2 Rc4+ 66. Kb1 Kb6 67. Re7 Rc5 68. Ka2 Rc4
69. Kb3 Rc5 70. Re4 Rc6 71. Rd4 Kc5 72. Rfd3 Kb6 73. Rd5 Bh6 74. Rd7 Bg5 75.
R3d5 Bf4 76. Re7 Be5 77. Re6 b4 78. Rd7 Bg3 79. Kxb4 Be5 80. b3 Bf4 81. Rxc6+
Kxc6 82. Rd8 Be5 83. Kc4 Bb2 84. Re8 Kd7 85. Re6 Kc7 86. Kd5 Kd7 87. Ke4 {
1-0 Supatashvili,K-Mchedlishvili,M/Panormo 1998/CBM 67 ext (87)}) 14. Qa4 Kb8
15. c5 Qc7 16. f4 b6 17. b4 b5 18. Qb3 Ka8 19. Kc2 Rb8 20. Ra1 Kb7 21. a4 a6
22. Ra3 Kc8 23. axb5 axb5 24. Rha1 Rb7 25. Qb1 Nb8 26. Qf1 Qd7 27. Bf3 Ne8 28.
Ne2 g5 29. Nc1 Bf6 30. Kc3 Qe7 31. Nd3 g6 32. Bg2 Rf8 33. Qf2 Nc7 34. Kc2 Bg7
35. fxg5 Qxg5 36. e4 Qd8 37. e5 f6 38. exf6 Bxf6 39. Qe3 Nd7 40. g5 Bg7 41. h4
Rf7 42. Bc3 Qh8 43. Rh1 Qh5 44. Raa1 Qg4 45. Bh3 Qe4 46. Rae1 Qxe3 47. Rxe3 Re7
48. Rf1 Ra7 49. Kb3 Kd8 50. Nf4 Nf8 51. Rff3 Kd7 52. Bf1 Ra8 53. Bd3 e5 54.
dxe5 Nce6 55. Nxe6 Nxe6 56. Bxg6 d4 57. Rd3 Kc7 58. Bd2 Bxe5 59. Rf5 Bg7 60. h5
Nf8 {1-0 Supatashvili,K-Karatekin,T/Panormo 1998/CBM 67 ext (60)}) 13... Ng8
14. h4 Rd8 15. Qa4 a6 16. c5 Qc7 17. e4 dxe4 18. Nxe4 Rb8 19. O-O-O $13 {
Khlian,E-Zakharstov,V/Azov 1995}) 9... Bg6 10. Nxg6 (10. Bg2 Nbd7 11. g5 Nh5
12. Bf3 Be7 13. Rg1 Qxb3 14. axb3 O-O 15. cxd5 exd5 16. Bg4 f5 17. gxf6 Ndxf6
18. Nxg6 hxg6 19. Be2 Bb4 20. f3 c5 21. Rxg6 cxd4 22. exd4 Bd6 23. Rg5 Bf4 24.
Rf5 Bxc1 25. Rxc1 Rfe8 26. Kf2 g6 27. Re5 Nf4 28. Bb5 Rf8 29. Ne2 Ne4+ 30. fxe4
Nd3+ 31. Ke3 Nxe5 32. dxe5 dxe4 33. Kxe4 Rac8 34. Bc4+ Kh7 35. e6 Rf5 36. Rd1
b5 37. Rd7+ Kh6 38. Bd3 Re8 39. Nd4 Rh5 40. Rxa7 {1-0 Ree,H-Bosch,J/NLD-chT
1993/EXT 97 (40)}) (10. g5 Ng8 11. Nxg6 hxg6 12. e4 dxe4 13. Nxe4 (13. Qxb6
axb6 14. Nxe4 Na6 15. Bd2 Nb4 16. Bxb4 Bxb4+ 17. Ke2 Ne7 18. a3 Nf5 19. Bg2 Be7
20. Rhd1 O-O-O 21. d5 exd5 22. cxd5 cxd5 23. Nc3 d4 24. Nd5 Bxg5 25. Nxb6+ Kb8
26. Rd3 Rhe8+ 27. Kf1 Re5 28. a4 Rc5 29. a5 Ka7 30. Rb3 Nd6 31. Nd5 Nc4 32. Rb4
Nd2+ 33. Ke2 Rcxd5 34. Bxd5 Rxd5 35. Kd3 f5 36. Rd1 Ne4 37. Kc4 Rxa5 38. Rxd4
Be7 39. Rb3 Ra4+ 40. Kd5 Rxd4+ 41. Kxd4 Bc5+ 42. Ke5 Bxf2 43. Kd5 Bh4 44. Rb4
Bf6 45. Rb3 Kb8 46. Rb4 g5 47. Ke6 Ng3 48. b3 f4 {0-1 Callergard,R-Ingbrandt,J/
SWE-chT 9596 1996/EXT 98 (48)}) (13. Bg2 Ne7 14. O-O Nd7 15. Rd1 Nf5 16. Nxe4
Rd8 17. d5 Nc5 18. Qxb6 axb6 19. Nc3 cxd5 20. cxd5 e5 21. f4 Bd6 22. Nb5 exf4
23. b4 Na4 24. Nxd6+ Nxd6 25. Bxf4 Kd7 26. Be5 Rc8 27. Bxg7 Rh4 28. a3 Nf5 29.
Bf6 Ne3 30. Rd2 Nxg2 31. Kxg2 Re4 32. Rf1 b5 33. Bg7 Ke8 34. Rdf2 Rc7 35. Kf3
Rcc4 36. Kg3 Re3+ 37. Kg2 Rc7 38. Bd4 Rd3 39. Re2+ Re7 40. Rxe7+ Kxe7 41. Bf6+
Kd6 42. Re1 Nb6 43. Re7 Nxd5 44. Rxb7 Rxa3 45. Rxb5 Rb3 46. Rb7 Nf4+ 47. Kf1
Nxh3 48. Rxf7 Rxb4 49. Rg7 Ke6 50. Kg2 Nxg5 {1/2-1/2 Ree,H-Okkes,M/NLD-chT9495
1994/EXT 98 (50)}) 13... Nd7 $6 (13... Na6 $142 {see game}) 14. Be3 Qxb3 15.
axb3 Bb4+ 16. Bd2 Rh4 17. Bg2 Be7 18. f4 Nb6 19. Kf2 Kd7 20. Rhc1 Bf8 21. b4
Ne7 22. b5 Nf5 23. bxc6+ bxc6 24. Nc5+ Kc7 25. Nb3 Kd7 26. Ra6 Ne7 27. Be3 Nf5
28. Bd2 Ne7 29. Nc5+ Kc7 30. Nd3 Nf5 31. d5 Kb7 32. dxc6+ Kxa6 33. Ra1+ Na4 34.
Rxa4+ Kb6 35. Ba5+ Ka6 36. Bc7# {1-0 Barsov,A-Ippolito,D/London 1999/CBM 70
ext (36)}) 10... hxg6 11. g5 $6 (11. Bg2 $142 Nbd7 12. Bd2 dxc4 (12... Qa6 $1)
13. Qxc4 Be7 14. O-O-O Qc7 15. Kb1 Rc8 16. g5 Nd5 17. h4 N7b6 18. Qe2 Nxc3+ 19.
Bxc3 Nd5 20. Bd2 Qb6 21. Ka1 Bb4 22. e4 Ne7 23. Be3 Qc7 24. h5 Rxh5 25. Rxh5
gxh5 26. Qxh5 Ng6 27. Bh3 Ke7 28. f4 Rh8 29. Qf3 Ke8 30. d5 exd5 31. exd5 Bd6
32. dxc6 Qxc6 33. Qf1 a6 34. Rc1 Qe4 35. f5 Ne7 36. Re1 Be5 37. Bc5 Qd5 38.
Bxe7 Kxe7 39. f6+ Kf8 40. Rd1 Qa5 41. fxg7+ Kxg7 42. Rd7 Bf4 43. Be6 Rf8 44.
Bd5 Qd2 45. a3 Rc8 46. Rxf7+ Kg6 47. Qb1+ Kh5 48. Qh7+ Kg4 49. Be6+ {1-0
Nielsen,P-Hansen,S/Roenne 1999/CBM 74 no vc (49)}) 11... Ng8 12. e4 dxe4 13.
Nxe4 Na6 $1 (13... Nd7 $143 14. Be3) (13... Qxd4 $6 14. Qxb7 Qxe4+ 15. Be3 Bb4+
$8 16. Qxb4 Na6 17. Qb7 Rb8 18. Qxa6 Qxh1 19. Rd1 Rxh3 20. Qxa7 Rxe3+ 21. Qxe3
Ne7 22. Qe5 $16) 14. Be3 Qb4+ 15. Ke2 $6 (15. Qxb4 $142 Nxb4 16. Kd2 a5 (16...
O-O-O 17. a3 e5 $1 (17... Na6 18. Kc2 Ne7 19. Rd1 Nf5 20. Be2 $14) 18. axb4
exd4 19. Bf4 Rh4 20. Bg3 Rxe4 21. Kd3 Ree8 22. h4 Bd6 23. Bxd6 Rxd6 24. Rxa7
$14) 17. a3 Na6 $13) 15... Rd8 $1 {/\Ne7, xd6} 16. Qc2 (16. Qxb4 Nxb4 17. Bg2
Nc2 18. Rad1 Rh4 $1 (18... Ne7 19. Nc5 b6 20. Nb3) 19. Rd2 Nxe3 20. fxe3 Ne7
21. Nc5 Rb8 $11) 16... Ne7 17. a3 (17. Bd2 $2 Nf5 $1) 17... Qa5 18. b4 Qc7 (
18... Nxb4 $2 19. Qc3 Qf5 20. Bg2 Na6 21. Ng3 $18) 19. Ng3 $1 (19. Bg2 Nf5 $15)
19... Rh4 (19... Nf5 $5 20. Nxf5 gxf5 21. Rd1 Be7) 20. Rd1 Nf5 21. Nxf5 gxf5
22. Bg2 (22. Bg2 g6 $5 23. Qb3 Bg7 24. d5 f4 25. Bc1 exd5 26. cxd5 $13) 1/2-1/2

[Event "EU-Cup 24th"]
[Site "Kallithea"]
[Date "2008.10.20"]
[Round "4"]
[White "Nyback, Tomi"]
[Black "Vitiugov, Nikita"]
[Result "0-1"]
[WhiteElo "2634"]
[BlackElo "2638"]
[Annotator "Vitiugov,N"]
[PlyCount "86"]
[EventDate "2008.10.17"]
[EventType "team-swiss"]
[EventRounds "7"]
[EventCountry "GRE"]
[SourceTitle "CBM 127"]
[Source "ChessBase"]
[SourceDate "2008.11.13"]
[SourceVersion "1"]
[SourceVersionDate "2008.11.13"]
[SourceQuality "1"]
[WhiteTeam "Werder Bremen"]
[BlackTeam "Finek Gazprombank"]
[WhiteTeamCountry "GER"]
[BlackTeamCountry "RUS"]

1. d4 d5 2. c4 c6 3. Nf3 Nf6 4. e3 Bf5 ({A more popular continuation is} 4...
Bg4) 5. Nc3 e6 6. Nh4 Bg6 ({Sometimes Black plays} 6... Be4 7. f3 Bg6) 7. Nxg6
hxg6 8. g3 $5 Nbd7 9. Bg2 dxc4 10. Qe2 Nb6 {Black is in no hurry to give the
pawn back.} ({There is the quieter way} 10... Be7 11. Qxc4 e5) 11. O-O Bb4 12.
Rd1 Qe7 13. e4 (13. a3 $5 Ba5 14. e4 e5 15. Be3 $13 {, and in the game
Ponomariov - Shirov, 2006 the participants agreed on a draw.}) 13... e5 14. Be3
O-O 15. a4 $1 {A new and very interesting way to fight for the initiative in
this position.} Rfd8 $6 {And Black wasn't able to react right.} ({Black should
choose bewteen} 15... Nbd7 $5 16. Qxc4 Ng4 17. Bd2 a5 18. d5 $13) ({and the
strange} 15... Ba5 $5) 16. a5 ({On} 16. dxe5 {Black should answer} Rxd1+ (16...
Qxe5 17. Rxd8+ Rxd8 18. a5 Nc8 19. Qxc4 Bxa5 20. Bf4 Qh5 21. h3 $13) 17. Rxd1
Qxe5 18. Bd4 Qe6 {with unclear play.}) 16... Nbd7 17. d5 {This move is not in
this position's style.} ({The correct move was the simple} 17. Qxc4 $1 {
intending} {to play} Ng4 {on} 18. Bd2 exd4 (18... Ndf6 19. Nd5 Nxd5 20. exd5
Bxd2 21. Rxd2 cxd5 22. Qe2 $1 $16) (18... Bd6) 19. Nd5 cxd5 {and here after}
20. Qxb4 $1 {White gets an advantage} ({but not} 20. Bxb4 dxc4 21. Bxe7 Re8 22.
Ba3 d3 23. b3 b5 24. axb6 axb6 25. bxc4 Nge5 26. f4 Nxc4 27. Rxd3 Nc5 28. Rc3
Rxa3 29. Raxa3 Nxa3 30. Rxa3 Nxe4 31. Rb3 $11) 20... Qf6 21. Be1 dxe4 22. Rxd4
Nge5 23. Bc3 $14) 17... cxd5 (17... Bc5 18. a6 $1) 18. exd5 e4 19. Bd4 {
Having sacrifised a pawn, White doesn't hurry to restore material equality.
But he should!} (19. Rd4 Ne5) (19. Qxc4 Ne5 20. Qb3 Nf3+ 21. Bxf3 exf3 22. Bg5
Qd7 23. Nb1 Qf5 24. Bxf6 gxf6 25. Ra4 Bd6 26. Nd2 Rac8 $132) 19... Rac8 (19...
Bxc3 20. bxc3 Nxd5 21. Qxe4 $1 $16) 20. Ra4 $6 ({White plays too romantically.
But sometimes one should be greedy.} 20. Bxa7 $5 Ne5) 20... Bxc3 21. bxc3 b5 {
Now the position is rapidly and simply fine.} 22. axb6 Nxb6 23. Bxb6 axb6 24.
Rxc4 Rxc4 25. Qxc4 Qe5 26. Qb3 $2 $138 {In time trouble White didn't notice a
simple way to draw.} (26. d6 e3 27. fxe3 Rxd6 28. Rxd6 Qxd6 29. Qd4 $11) 26...
Rxd5 27. Rxd5 Nxd5 $17 {Now the position becomes technical.} 28. Qb5 ({Maybe
my opponent hadn't seen the counterstrike after} 28. c4 e3 $1 29. fxe3 Qxe3+
30. Qxe3 Nxe3 $19) 28... Qe6 29. Qc4 f5 30. Qd4 Nf6 31. Bf1 Kh7 32. Bc4 Qc6 33.
Kf1 ({He had more of a chance after} 33. h4 $5) 33... g5 34. h3 Qc5 $1 $19 {
The remainder is simple.} 35. Ke2 Qxd4 36. cxd4 g6 37. Ke3 Kg7 38. f3 (38. d5
Ne8 39. Kd4 Nd6 $19) 38... exf3 39. Kxf3 Ne4 40. Bd5 Nd6 41. Ke3 Kf6 42. Kd3
Ne4 $1 {Wins at once, because the pawn endgame is losing for White.} 43. g4 (
43. Bxe4 fxe4+ 44. Kxe4 Ke6 45. g4 b5 46. d5+ Kd6 47. Kd4 b4 48. Kc4 b3 49.
Kxb3 Kxd5 50. Kc3 Ke4 51. Kc4 Kf3 52. Kd5 Kg3 53. Ke5 Kxh3 $19) 43... Nf2+ 0-1

[Event "SWE-ch"]
[Site "Linkoping"]
[Date "2001.07.04"]
[Round "4"]
[White "Cramling, Pia"]
[Black "Hector, Jonny"]
[Result "0-1"]
[WhiteElo "2492"]
[BlackElo "2532"]
[Annotator "Ziegler,A"]
[PlyCount "120"]
[EventDate "2001.06.30"]
[EventType "tourn"]
[EventRounds "13"]
[EventCountry "SWE"]
[EventCategory "8"]
[SourceTitle "CBM 085"]
[Source "ChessBase"]
[SourceDate "2001.11.13"]
[SourceVersion "1"]
[SourceVersionDate "2001.11.13"]
[SourceQuality "1"]

1. d4 d5 2. Nf3 Nf6 3. c4 c6 4. e3 Bf5 5. Nc3 e6 6. Nh4 {Pia har sett att
Jonny fick några lektioner som svart i York 1999, men Jonny har lärt av läxan.
Det visade han inte minst mot Volzhin i Skellefteå 2000.} Be4 {Jag har själv
spelat varianten som vit och känt mig som en bluffgubbe, eftersom jag vet att
vit inte kan få någon fördel.} ({Jag gjorde det lilla misstaget att gå till
fel fält med löparen mot Tiger i Excelsior Cup 2000.} 6... Bg4 7. Qb3 Qb6 {
Och nu kan vit istället spela} 8. h3 {istället för f3 och få en minimalt
förbättrad version.}) 7. f3 ({Man behöver inte vara rädd för att vit kall slå
löparen:} 7. Nxe4 {Och nu är båda slagen bra.} Nxe4 (7... dxe4 {Hotar ...g5.})
8. Nf3 Bb4+ 9. Bd2 Nxd2 {Svart har minst utjämning.}) 7... Bg6 8. Qb3 Qb6 ({
Personligen föredrar jag:} 8... Qc7 {Men det är inte bättre.} 9. g3 Nbd7 10. e4
$2 dxe4 11. Nxg6 hxg6 12. Nxe4 Nxe4 13. fxe4 e5 14. d5 Bc5 15. Bg5 $2 Bd4 16.
O-O-O Nc5 17. Qc2 Qb6 18. Bg2 f6 $1 19. Bd2 Nd3+ ({nu kunde jag avgjort ännu
snabbare med:} 19... Bxb2+) 20. Kb1 Nxb2 21. Ba5 Qxa5 22. Rxd4 exd4 23. e5 Na4
24. Qxg6+ Kf8 25. exf6 Qb4+ 26. Kc1 Qb2+ 27. Kd1 Nc3+ {Bator-Ziegler, Västgöta
Open, 2001.}) 9. Nxg6 hxg6 {[#]} 10. Bd2 ({Ställningen är svår. Här skall man
exempelvis inte spela:} 10. c5 $2 Qc7 11. e4 dxe4 12. fxe4 Nbd7 {Med idén ...
e5.} 13. e5 Nxe5 14. dxe5 Qxe5+ 15. Ne2 O-O-O 16. Bf4 Qxc5 {Med likande spel
som i huvudvarianten i Slaviskt, men här står svart något bättre.}) 10... Nbd7
11. O-O-O (11. Bd3 {Jag gjorde bort mig i Bundesliga för två år sedan:} Qxb3 $6
{Jag fattade inte att jag förbättrade vits struktur. Men Dr Hübner läxade upp
mig i Chessbase Magazine. En annan gång när jag spelade mot Bönsch kom Hübner
och tittade. Först nickade han, men efter en stund började han skaka på
huvudet och gick. Jag impar inte på den gubben.} (11... Be7 12. Qxb6 axb6 13.
O-O dxc4 14. Bxc4 b5 15. Bb3 O-O $11 {Chatalbashev,B-Meduna,E, Pardubice 1997})
12. axb3 {Och Stuart Conquest kom lite bättre. Men partiet svängde innan han
till sist satte sig i ångvälten och körde över mig.}) 11... Be7 {Det känns en
smula mer naturligt att ställa sig på d6.} 12. Be2 (12. Kb1 {Rowson,J-Hector,J,
York 1999}) 12... c5 {Jonny vilar inte på hanen utan skjuter direkt.} 13. Qxb6
Nxb6 14. Nb5 O-O 15. cxd5 exd5 16. Kb1 a6 17. Nc3 Rfe8 {[#] Jonny utnyttjar på
ett fint sätt vits svaghet på e3.} 18. Rhe1 Rac8 19. Bf1 cxd4 20. exd4 Nc4 {
En smula prematurt. Svarts ställning var helt OK. Pia satt precis och
funderade på hur vitfältslöparen skulle bli aktiv. Skall den till b3 eller g2?
I båda fallen kan svart blockera med en springare. Jonny serverar henne svaret
på en silverbricka.} 21. Bxc4 dxc4 (21... Rxc4 22. Bg5 {Vinner bonde.}) 22. Bg5
Kf8 23. d5 Bd6 24. Bxf6 gxf6 25. Ne4 Bb4 (25... Bxh2 26. Nxf6 {Ger vit det
lättare spelet.}) 26. Nc3 (26. Re2) 26... Rxe1 27. Rxe1 Bxc3 28. bxc3 Rd8 {
Vits d-bonde är svag och tvingar vit att passificera tornet.} 29. Rd1 Ke7 30.
Rd4 b5 31. h4 Kd6 32. a4 Re8 33. axb5 axb5 34. Rf4 {Pia gör vad hon kan för
att byta bönder.} f5 35. g4 Re1+ 36. Kc2 Re2+ 37. Kc1 Rg2 {[#]} ({Ett
alternativ var} 37... Re3 38. Kc2 Ke5 39. Rd4 fxg4 40. fxg4 (40. d6 gxf3 41. d7
f2 42. d8=Q Re2+ 43. Rd2 Rxd2+ 44. Qxd2 f1=Q) 40... Kd6 {Svart har fortfarande
det bättre spelet.}) 38. h5 $1 (38. gxf5 g5 $1 39. hxg5 Rxg5) 38... gxh5 $6 (
38... Kxd5) 39. gxh5 Rg5 {[#]} 40. h6 $2 (40. Rh4 {Naturligtvis.}) 40... Rh5
41. h7 Ke5 42. Rd4 Rxh7 43. d6 Rh8 44. f4+ Ke6 45. Rd2 f6 (45... Rd8 46. Re2+
Kxd6 47. Re5) 46. Kb2 $2 (46. d7 Rd8 47. Rb2 Rxd7 48. Rxb5 Rd3 49. Rc5 Rxc3+
50. Kb2 Rb3+ 51. Kc2 Rb4 52. Kc3 Ra4 53. Rxc4 {Är remi.}) 46... Rd8 47. Ka3
Rxd6 48. Re2+ Kd7 49. Kb4 Kc6 50. Re8 Rd1 51. Rc8+ Kd7 52. Rb8 Rf1 53. Rxb5
Rxf4 54. Rc5 Ke6 55. Kb5 (55. Rxc4 Rg4 56. Kb3 f4 57. Kc2 Ke5 58. Kd2 {Ger
större remichanser. Kungen skall stå framför motståndarens fribönder.}) 55...
Rg4 56. Rxc4 f4 57. Rb4 Kf5 58. Rb1 f3 59. c4 Ke4 60. c5 f2 0-1